Animes aufzählen - Statistiken

Allgemein
  • Dieses Quiz wurde 2.475 mal gespielt
    125 seit der letzten Aktualisierung
  • Das Durchschnittsergebnis liegt bei 35 aus 219
Antwortstatistiken
Antwort % Korrekt
. Naruto I I I I I
89%
, One Piece I I I I I
86%
. Dragon Ball I I I I I
77%
. Attack on Titan I I I I I
71%
. Pokemon I I I I I
63%
. Death Note I I I I I
60%
. R-15 I I I I I
60%
. Demon Slayer I I I I I
59%
. Jujutsu Kaisen I I I I I
59%
. My Hero Academia I I I I I
55%
. Bleach I I I I I
52%
. Haikyu I I I I I
52%
. Assassination Classroom I I I I I
51%
. Digimon I I I I I
48%
. Dragon Ball Z I I I I I
48%
. Hunter X Hunter I I I I I
48%
. Black Clover I I I I I
44%
. Boruto I I I I I
44%
. Naruto Shippudden I I I I I
44%
, One Punch Man I I I I I
44%
. Perfect Blue I I I I I
44%
. Sailor Moon I I I I I
40%
. Chainsaw Man I I I I I
38%
. Fullmetal Alchemist I I I I I
38%
. Vinland Saga I I I I I
38%
. Free! I I I I I
37%
. Sword Art Online I I I I I
37%
. Tokyo Ghoul I I I I I
37%
. Yu Gi Oh I I I I I
37%
. Blue Lock I I I I I
36%
. Say, I Love You I I I I I
36%
. Solo Leveling I I I I I
36%
. Code Geass I I I I I
34%
. Dr Stone I I I I I
34%
. Fire Force I I I I I
34%
. Black Butler I I I I I
32%
. Detektiv Conan I I I I I
32%
. Highschool of the Dead I I I I I
31%
. Scissor Seven I I I I I
31%
. Spy x Family I I I I I
31%
. Akame Ga Kill! I I I I I
30%
. Jojo‘s Bizzare Adventure I I I I I
30%
. Tokyo Revengers I I I I I
29%
. Cowboy Bebop I I I I I
28%
. Elfenlied I I I I I
28%
. Neon Genesis Evangelion I I I I I
28%
. Re:Zero I I I I I
28%
. Seven Deadly Sins I I I I I
28%
. Your Name I I I I I
28%
. Fairy Tail I I I I I
26%
. Highschool DXD I I I I I
26%
. Noragami I I I I I
25%
. Steins;Gate I I I I I
24%
. Baby, My Love I I I I I
23%
. Berserk I I I I I
23%
. Fruits Basket I I I I I
23%
. Inuyasha I I I I I
23%
. Mob Psycho 100 I I I I I
23%
. Black Lagoon I I I I I
22%
. Monster I I I I I
22%
. The Promised Neverland I I I I I
22%
. Beyblade I I I I I
21%
. Food Wars I I I I I
21%
. Your Lie in April I I I I I
21%
. Baki I I I I I
20%
. Dandadan I I I I I
20%
. Dragonball Z Kai I I I I I
20%
. Erased I I I I I
20%
. Mein Nachbar Totoro I I I I I
20%
. Rascal Does Not Dream Of Bunny Girl Senpai I I I I I
20%
, Overlord I I I I I
18%
. Another I I I I I
17%
. Death Parade I I I I I
17%
. Violet Evergarden I I I I I
17%
. Angel Beats I I I I I
16%
. Anohana I I I I I
16%
. Banana Fish I I I I I
16%
. Fate/Zero I I I I I
16%
. Made in Abyss I I I I I
16%
. Boku No Pico I I I I I
15%
. Charlotte I I I I I
15%
. Chihiros Reise ins Zauberland B E S T E
15%
. Das wandelnde Schloss I I I I I
15%
. Gintama I I I I I
15%
. Kickers I I I I I
15%
, Kill La Kill I I I I I
15%
. Magi I I I I I
15%
. No Game No Life I I I I I
15%
. Yuri!!! on Ice I I I I I
15%
. Fullmetal Alchemist Brotherhood I I I I I
14%
. Redo of Healer I I I I I
14%
. Soul Eater I I I I I
14%
. Suzume I I I I I
14%
. Goblin Slayer I I I I I
13%
. Kakegurui I I I I I
13%
. Prinzessin Mononoke I I I I I
13%
. Black Bullet I I I I I
11%
. Captain Tsubasa I I I I I
11%
. Darling in the Franxx I I I I I
11%
, Mirai Nikki I I I I I
11%
, Parasyte I I I I I
11%
. Devilman Crybaby I I I I I
10%
. Psycho Pass I I I I I
10%
. Terror in Tokio I I I I I
10%
. Toradora! I I I I I
10%
. Das Schloss im Himmel I I I I I
9%
. Golden Boy I I I I I
9%
. Paradise Kiss I I I I I
9%
. Prison School I I I I I
9%
. Afro Samurai I I I I I
8%
. Angels Of Death I I I I I
8%
. Baki Hanma I I I I I
8%
. Orange I I I I I
8%
. ReLIFE I I I I I
8%
. Shaman King I I I I I
8%
. Trigun I I I I I
8%
. Akira I I I I I
7%
. Biene Maja I I I I I
7%
. Cyberpunk Edgerunners I I I I I
7%
. Date A Live I I I I I
7%
. Demon King I I I I I
7%
. Edens Zero I I I I I
7%
. Ghost in the Shell I I I I I
7%
. Pet Girl I I I I I
7%
. Ponyo I I I I I
7%
. Shin-Chan I I I I I
7%
. Bakugan I I I I I
6%
. Darker Than Black I I I I I
6%
. Das Königreich der Katzen I I I I I
6%
. Gantz I I I I I
6%
. Gate I I I I I
6%
. Hajime No Ippo I I I I I
6%
. Hellsing Ultimate I I I I I
6%
. Record of Ragnarok I I I I I
6%
. Spice And Wolf I I I I I
6%
. Wolfs Rain I I I I I
6%
. 91 Days I I I I I
5%
. After the Rain I I I I I
5%
. Chobits I I I I I
5%
. Die letzten Glühwürmchen I I I I I
5%
. Durarara I I I I I
5%
. Samurai Champloo I I I I I
5%
. Yu Yu Hakusho I I I I I
5%
. Beasters I I I I I
3%
. Btooom! I I I I I
3%
. Citrus I I I I I
3%
. Future Diary I I I I I
3%
. My love STORY!! I I I I I
3%
. Paprika I I I I I
3%
. Porco Rosso I I I I I
3%
. Rainbow I I I I I
3%
. School Days I I I I I
3%
. Um ein Schnurrhaar I I I I I
3%
. Blood C I I I I I
2%
. Castlevania I I I I I
2%
. City Hunter I I I I I
2%
. Full Metal Panic I I I I I
2%
. Hello World I I I I I
2%
. Little Witch Academia I I I I I
2%
. Midori Days I I I I I
2%
. Problem Children are Coming from Another World, aren't they? I I I I I
2%
. Vampire Hunter D I I I I I
2%
. Yakuza goes Hausmann I I I I I
2%
. Yasuke I I I I I
2%
. Air Master I I I I I
1%
. Angel's Egg I I I I I
1%
. Astra Lost In Space I I I I I
1%
. Bakuman. I I I I I
1%
. Bikini Warriors I I I I I
1%
. Photo Kano I I I I I
1%
. Whisper of the Heart I I I I I
1%
. High-Rise Invasion I I I I I
1%
. Kengan Ashura I I I I I
1%
. Log Horizon I I I I I
1%
. Lovely Complex I I I I I
1%
. One Outs I I I I I
1%
. Oreshura I I I I I
1%
. Photokano I I I I I
1%
. Star Wars Visions I I I I I
1%
. Summer Wars I I I I I
1%
. Tsukigakirei I I I I I
1%
. Witchblade I I I I I
1%
. Yuu Yuu Hakusho I I I I I
1%
. Zombie-Loan I I I I I
1%
. Z wie Zorro I I I I I
1%
. Akudama Drive I I I I I
0%
. Appare Ranman I I I I I
0%
. Are You Lost? I I I I I
0%
. Black Fox I I I I I
0%
. Brave Story I I I I I
0%
. Do You Love Your Mom and Her Two-Hit Multi-Target Attacks? I I I I I
0%
. Dragon Quest I I I I I
0%
. Dr. Slump I I I I I
0%
. FLCL I I I I I
0%
. Fuuka I I I I I
0%
. Gangsta I I I I I
0%
. Georgie I I I I I
0%
. Great Teacher Onisuka I I I I I
0%
. Green Green I I I I I
0%
. High School Fleet I I I I I
0%
. Kekkaishi I I I I I
0%
, Last Exile I I I I I
0%
. Momokuri I I I I I
0%
. Mr. Osomatsu I I I I I
0%
. Number 24 I I I I I
0%
. Onara Goro I I I I I
0%
. OniAi I I I I I
0%
. Planetes I I I I I
0%
. Pupa I I I I I
0%
. Ranma ½ I I I I I
0%
. RE-MAIN I I I I I
0%
. Saiyuki I I I I I
0%
. SHIROHIYO - Reincarnated as a Neglected Noble: Raising My Baby Brother With Memories From My Past Life I I I I I
0%
. The Kawai Complex Guide to Manors and Hostel I I I I I
0%
. Tokyo Underground I I I I I
0%
. True Tears I I I I I
0%
. World Trigger I I I I I
0%
Keine übereinstimmenden Quizze gefunden
Verteilung der Resultate
Anzahl Personen mit jedem Resultat
Perzentil nach korrekt beantworteten Fragen
Ihre Resultats-Entwicklung
Sie haben dieses Quiz seit der letzten Aktualisierung nicht gespielt